Регионална библиотека "Любен Каравелов" - Русе

Болгарско-русский строительный словарь (Запис номер 59503)

MARC детайли
000 -Лидер
Контролно поле с фиксирана дължина 01244nam a2200289 c 4500
003 - Код на организацията, давaща контролен номер
Контролно поле BLK
005 - Дата и час на последна редакция
Контролно поле 20180420222851.0
008 - Елементи от данни с фиксирана дължина
fixed length control field 180408b bul|||||r ||||||| ||bul||
010 ## - Наследен системен номер
LC control number KNG00063605000
040 ## - Източник на каталожния запис
Идентификатор на билиотеката - собственик на записа BLK
041 ## - Код за език
Код за езика на текст/звукозапис или на отделно заглавие Български
Код за езика КДБФ Български
Други езици Руски
080 ## - УДК
Текстов определител УДК Строителство. Строителни материали. Строително-монтажни работи
УДК код - определител по УДК 69
УДК определител (038)=867=82
УДК - код + определител 69(038)=867=82
080 ## - УДК
Текстов определител УДК Различни категории думи
УДК код - определител по УДК 81`373.4
УДК определител =867=82:69
УДК - код + определител 81`373.4=867=82:69
100 1# - Редна дума - Автор
Автор Карагьозов, Георги Василев
Авторска отговорност първи автор
R(LIN) 289061
139 ## - Редно поле
Редна дума Болгарско-русский строительный словарь
Авторски знак Бол - Б 61
245 10 - Сведения за заглавието
Заглавие Болгарско-русский строительный словарь
Подзаглавни данни Около 35 000 терминов
Редно поле (дума) Георги Василев Карагьозов.
246 11 - Различни форми на заглавието
Паралелно заглавие Българско-руски строителен речник
257 ## - Страна на издаване
Страна на създаване/издаване СССР
260 ## - Област на издателските данни
-- Москва
Име на издателя, разпространителя и проч. Рус. яз.
Година на издаване 1985
300 ## - Физическа характеристика
Страници 470 с.
Размери/Мащаб 21 см
380 ## - Жанр
Жанр Техника
852 ## - Местоположение
Форматна сигнатура Цб 141218
856 4# - Електронен адрес и достъп
Електронен формат pdf - файл
Път до файла /url/
856 4# - Електронен адрес и достъп
Електронен формат pdf - файл
Път до файла /url/
942 ## - АРТИКУЛИ
Вид на библиотечния материал Книги
Скрит в OPAC Не
944 ## - СЪЗДАВАНЕ И РЕДАКЦИЯ на ЗАПИСА
Създаване/Редакция Създаване
Дата на регистрацията/редакция 13.06.2004
Служител, извършил регистрацията/редакцията Читалня
944 ## - СЪЗДАВАНЕ И РЕДАКЦИЯ на ЗАПИСА
Създаване/Редакция Редакция
Дата на регистрацията/редакция 02.11.2015
Служител, извършил регистрацията/редакцията Кети_Илиева
999 ## - СИСТЕМНИ КОНТРОЛНИ НОМЕРА
Koha biblionumber 59503
Koha biblioitemnumber 59503
Наличности
Код за отписване Код за изгубен артикул Източник на класификационната схема Код за повреда Коз за рестрикции Код за отдаване Артикулен № Име на библиотеката - собственик Име на библиотеката, в която се намира в момента Статус (Текущо местоположение) Дата на вписване в системата Местоположение - отдел Цена в лева Инвентарен номер Систематично азбучна сигнатура Баркод Номер на екземпляра Цена в евро Служебна бележка Служебен тип на артикула
  Не е изгубен Universal Decimal Classification Не е повреден без рестрикции ползва се в читалня 97191 Регионална библиотека "Любен Каравелов" Русе Регионална библиотека "Любен Каравелов" Русе Читалня - справочен фонд 1993-01-01 Читалня 3.20 447213 СЧ 69(038)/Б61 120000447213 1 1.64 Дата инв: 24.03.2017 Бележки инв: СЧ2017 Книги
Vip Innovations Ltd, Rousse, Bulgaria 2025